000 00468nam a2200193Ia 4500
005 20230914114446.0
008 131103s9999 xx 000 0 und d
020 _a38071846
040 _aLoreto College
041 _aEnglish
082 _aF
_bMCC
100 _aMcCullough,Colleen
245 _aCaesa's Women
_cColleen McCullough
260 _aNew York
_bAvon Books
_c1997
300 _a943 p.
650 _aFiction in English
850 _aLCLIB
942 _cBK
999 _c14521
_d65000